000 00541nam a2200181Ia 4500
008 220216s9999 xx 000 0 und d
100 _aAbdulkadir B A
_cet al
245 0 _aProduction of biodiesel from rubber seeds (Hevea brasiliensis) by in situ transesterification method
260 _bJournal of the Japan Institute of Energy
_c2015
300 _a763-768
500 _aSource Year: 2015
650 _aBiodiesel
650 _aFAME
650 _aIn situ
650 _aRubber seed
856 _ucopy of online article
942 _cJS
999 _c65825
_d65825